[Event "Sofia MTel Masters 5th"]
[Site "Sofia"]
[Date "2009.05.16"]
[Round "4"]
[White "Dominguez Perez, Leinier"]
[Black "Ivanchuk, Vassily"]
[Result "1/2-1/2"]
[WhiteElo "2717"]
[BlackElo "2746"]
[Annotator "Kritz,L"]
[PlyCount "98"]
[EventDate "2009.05.13"]
[EventType "tourn"]
[EventRounds "10"]
[EventCountry "BUL"]
[EventCategory "21"]
[SourceTitle "CBM 131"]
[Source "ChessBase"]
[SourceDate "2009.07.15"]
[SourceVersion "1"]
[SourceVersionDate "2009.07.15"]
[SourceQuality "1"]

1. e4 c5 2. Nf3 e6 3. d4 cxd4 4. Nxd4 a6 5. c4 {Dieser Zug ist in der heutigen
Praxis eher selten anzutreffen, obwohl er zu einer interessanten Stellung
führt, in der Weiß um Vorteil kämpfen kann. Das liegt wohl daran, dass die
Alternative 5.Bd3 Schwarz in Eröffnungsschwiriegkeiten bringt.} (5. Bd3 {
Ist heute der am meisten gespielte Zug.} Bc5 6. Nb3 Be7 (6... Ba7 7. Qe2 Nc6 8.
Be3 d6 9. O-O $14 {Mit angenehmen Spiel für Weiß. Das größte Problem für
Schwarz ist die Schwäche des Bauern d6, der ohne seinen Hauptverteidiger - den
schwarzfeldrigen Läufer - geblieben ist.}) 7. O-O d6 8. Qg4 g6 9. Qe2 $14 {
Die theoretischen Varianten in dieser Stellung sind sehr lang und kompliziert,
doch es sieht so aus, dass Weiß am Drücker ist.}) (5. Nc3 {ist der
zweitpopulärste Zug. Auch hier erreicht Weiß aussichtsreiche Stellungen,
obwohl Schwarz eher zum Kontern kommt als nach 5.Bd3.} b5 (5... Nc6 {Leitet zu
der anderen Paulsen-Variante über, die als sehr solide gilt.} 6. Nxc6 bxc6 7.
Bd3 d5 8. O-O Nf6 $132 {Weiß hat Entwicklungsvorsprung, Schwarz dafür ein
starkes Zentrum und keine Schwächen im eigenen Lager.}) (5... Qc7 6. Bd3 Nc6 7.
Nxc6 dxc6 8. O-O e5 9. f4 $14) 6. Bd3 Qb6 7. Nb3 d6 8. Be3 Qc7 9. O-O Nf6 10.
f4 Be7 11. Qf3 Bb7 $132) 5... Nf6 6. Nc3 Bb4 (6... Qc7 {ist eine alternative
Fortsetzung.} 7. a3 {Prophylaxe gegen 7....Bb4.} b6 8. Be3 (8. Be2 Bb7 9. f3 d6
{führt nur zu Zugumstellung.}) 8... Bb7 {Die nächsten Züge für beide Seiten
sind mehr oder weniger erzwungen - beide streben eine Igelstellung an und
müssen die Entwicklung beenden. Die Zugfolge spielt dabei keine große Rolle.}
9. f3 d6 10. Rc1 Nbd7 11. Be2 Be7 12. O-O O-O $132 {Radjabov - Kamsky (Baku,
2008). Es entsteht eine Igelstellung mit Chancen für beide Seiten.}) 7. Qf3 {
Dies wurde auf hohem Niveau noch nicht ausprobiert.} ({Kramnik hat in dieser
Stellung mehrmals und mit Erfolg} 7. Bd3 {gespielt. Nach} Nc6 8. a3 Bxc3+ 9.
bxc3 d6 10. O-O Ne5 11. f4 Nxd3 12. Qxd3 e5 13. fxe5 dxe5 14. Bg5 h6 15. Bh4
exd4 16. e5 dxc3 17. Qxd8+ Kxd8 18. exf6 $14 {bekam Weiß ein besseres Endspiel
aufgrund des schlechten schwarzen Königs in Kramnik - Svidler (Wijk aan Zee,
2005).}) 7... Qc7 8. a3 Be7 (8... Bxc3+ {leitet in die Variante über, die für
Schwarz als ungünstig gilt.} 9. Qxc3 Nxe4 10. Nb5 $3 axb5 11. Qxg7 Rf8 12. Bh6
Qd6 (12... Qc5 13. f3 $3 bxc4 (13... Qf2+ 14. Kd1 $18) 14. Bxc4 $1 Ng5 (14...
Nf6 15. Qxf6 Qxc4 16. Rc1 $18) 15. Qxf8+ Qxf8 16. Bxf8 Kxf8 17. h4 $18) 13.
cxb5 $1 {Weiß hat's nicht eilig, der Turm f8 läuft nicht weg.} b6 14. f3 Nc5
15. b4 Na4 16. Rc1 Bb7 17. Rc7 Ra7 18. Bd3 f5 19. Kf2 Qe7 20. Qxe7+ Kxe7 21.
Bxf8+ Kxf8 22. Bc2 Nb2 23. Rb1 $18 {Ob man es glaubt oder nicht, aber das
Spiel verläuft bis hierher forciert - angefangen mit 10.Nb5!}) 9. Qg3 d6 $5 {
Es ist immer die Frage, um was man eigentlich spielen will. Schwarz kann die
Damen tauschen und ein passives Endspiel spielen, das er vielleicht Remis
halten können wird, aber wo er keine Chancen auf Gewinn hat. Ivanchuk
bevorzugt, den Bauer zu opfern und Kompensation dafür zu suchen.} (9... Qxg3
10. hxg3 d6 (10... Nc6 11. Nxc6 dxc6 (11... bxc6 12. e5 $16) 12. e5 Nd7 13. f4
$14) 11. Be2 (11. Be3 Ng4 12. Bd2 Nc6 $11) 11... Nc6 12. Be3 Bd7 13. O-O-O $14)
10. Qxg7 {Weiß muss den Bauern nehmen.} Rg8 11. Qh6 Nbd7 (11... Qb6 {ist nicht
im Sinne der Stellung} 12. Qd2 $16) (11... Nc6 {Auch der Figurentausch kann
nicht gut sein, wenn Schwarz Initiative entwickeln will.} 12. Nxc6 Qxc6 13. f3
$16) (11... b6 {ist etwas zu langsam, Weiß schafft es, seinerseits Initiative
zu ergreifen.} 12. f3 Bb7 13. g4 $1 $16 {/\g5}) 12. Qe3 (12. f3 $2 Ne5 $1 {
Deswegen ist der Springerzug im 11. die beste Fortsetzung - Schwarz greift
sofort an.} 13. b3 b5 $1 $17) 12... b6 {Jetzt muss Schwarz die Entwicklung
vollenden, und auf eine Dauerkompensation hoffen.} (12... Ne5 13. Qe2 b6 14. f4
Ned7 15. g3 Bb7 16. Bg2 Rc8 17. b3 b5 18. O-O bxc4 19. Rb1 cxb3 20. Rxb3 Nc5
21. Rb4 $14 {Weiß hat den Bauer zurückgegeben, dafür bleibt der schwarze König
im Zentrum und der Turm g8 ist aus dem Spiel.}) 13. Bd2 ({Verlockend sieht der
Versuch aus, den Läufer zu fianchettieren.} 13. g3 Bb7 14. Bg2 Qxc4 15. b3 Qc5
$1 {Doch bekommt Schwarz starke Initiative in diesem Fall.} 16. O-O Ng4 17. Qd2
Bg5 18. f4 Bf6 $36) 13... Bb7 14. f3 {Was Weiß da macht, sieht logisch aus -
er verteidigt systematisch alle Schwachpunkte seiner Stellung, zuerst c3,
jetzt auch e4.} Ne5 {Schwarz muss Druck machen.} 15. b3 O-O-O 16. Rc1 (16.
O-O-O $2 d5 $15 {Der Bauer a3 hängt.}) 16... Kb8 {Die weiße Stellung ist nicht
leicht zu spielen, denn alle schwarzen Figuren stehen ideal. Außerdem hat Weiß
momentan keinen konkreten Plan. Er würde gerne seine Entwicklung vollenden,
aber das lässt der schwarze Turm auf g8 nicht zu.} 17. b4 {Deckt das Feld c5,
so dass der schwarze Läufer nach dem Vorstoß d5 nicht zu aktiv wird.} (17. g3
$6 {ist zu gefaehrlich.} d5 $1 {Schwarz nutzt die neu entstandenen Schwächen
im weißen Lager aus.} 18. cxd5 Bc5 19. Na4 Bxd4 20. Rxc7 Bxe3 21. Rxb7+ (21.
Bxe3 Kxc7 22. Bxb6+ Kb8 23. Bxd8 Rxd8 $19) 21... Kxb7 22. Bxe3 exd5 23. Bxb6
Rc8 $17) 17... Rc8 {Schwarz lässt sich Zeit.} 18. Na4 (18. g3 h5 $1 $36 {
Schwarz braucht sich keine Sorgen mehr um das Läuferfianchetto zu machen - der
Läufer ist an den Bauern c4 gebunden.}) 18... Nfd7 19. g3 $1 {Früher oder
später, das ist der einzige Weg, sich zu befreien.} Nc6 $2 ({Verrückte
Varianten beginnen nach} 19... h5 $5 20. Be2 h4 21. g4 (21. Kf2 Bg5 22. f4 Nf6
$1 23. Ke1 Bh6 $17) 21... Bg5 22. Qf2 Bxd2+ 23. Kxd2 Nc5 $3 24. bxc5 dxc5 25.
Ke1 (25. Nb3 Qd7+ $19) 25... cxd4 26. Qxd4 b5 $132 {Intuitiv kann man sagen,
dass die schwarze Kompensation den weißen Bauern überwiegt.}) 20. Nb3 $2 (20.
Nxc6+ {Es ist nicht zu sehen, wie Schwarz sich halten kann.} Bxc6 21. b5 Bb7 (
21... Ba8 22. bxa6 f5 23. Rb1 $18) 22. bxa6 Bxa6 (22... Bc6 23. Nc3 $16) 23. c5
$3 $16) 20... f5 $1 {Schwarz muss die Stellung öffnen, um den weißen König
anzugreifen.} 21. f4 (21. exf5 Bg5 22. Qf2 Nce5 $40) 21... e5 $1 (21... fxe4
22. Bh3 $1 Nd8 23. O-O h5 24. Nd4 $16 {Plötzlich ist es Weiß, der hier
angreift.}) 22. Bg2 exf4 23. Qxf4 Bg5 $6 (23... fxe4 $1 {Nichts spricht gegen
das einfache Nehmen.} 24. O-O (24. Qxe4 Nxb4 25. Qxb7+ Qxb7 26. Bxb7 Nd3+ 27.
Kf1 Rcf8+ 28. Kg2 Rf2+ 29. Kg1 Kxb7 $19) 24... Nce5 25. c5 (25. Bxe4 Rg4 $19)
25... dxc5 26. bxc5 bxc5 27. Ba5 Qd6 28. Rcd1 Rcf8 29. Rxd6 Rxf4 30. Re6 Rxf1+
31. Kxf1 Rf8+ 32. Ke2 Rf7 $15 {Am Ende dieser nicht forcierten Variante ist es
Schwarz, der auf Gewinn spielen kann.}) 24. Qxf5 Rcf8 25. Qh3 Bxd2+ 26. Nxd2
Nde5 27. Rc3 (27. Ke2 Nd4+ $19) 27... Bc8 $2 (27... Nd4 $1 {würde die Partie
wahrscheinlich entscheiden.} 28. Rf1 Bc6 29. Nb2 Qg7 $1 $17 {Die weißen
Figuren auf der langen Diagonale kommen in Schwierigkeiten.}) 28. Qh4 b5 29.
Nb2 (29. cxb5 axb5 30. Nb2 Qg7 $17) 29... Qg7 $19 {Die Stellung ist objektiv
gewonnen für Schwarz. Vermutlich waren beide Spieler zu diesem Zeitpunkt in
starker Zeitnot.} 30. g4 Qa7 $2 {Schwarz wollte es wohl zu schön machen. Das
einfache ...Ng4 würde den vollen Punkt bringen.} (30... Nxg4 31. Qg3 Qd4 {
Weiß kann nichts machen, alle seine Figuren stehen schlecht.} 32. Nb3 Qf2+ 33.
Qxf2 Rxf2 34. cxb5 Rxg2 35. bxc6 Rxb2 $19) 31. h3 Bxg4 $2 {Wieder nicht die
beste Fortsetzung.} (31... Qd4 $1 32. Qg3 Bxg4 $1 33. Qe3 (33. hxg4 Rxg4 34.
Qe3 Rxg2 35. Qxd4 Nxd4 $19) 33... Be6 34. Qxd4 Nxd4 35. Bf1 Rc8 $17) 32. c5 $2
{Ein Gegenfehler. Der einzige Zug war 32.Rf1.} (32. Rf1 Be6 33. Rxf8+ Rxf8 34.
Qg3 a5 $1 $15) 32... Be2 $1 33. Rg3 (33. Kxe2 Rxg2+ 34. Kd1 Rff2 $19) 33... Nd4
$2 {Schon wieder lässt Schwarz den sofortigen Gewinn aus!} (33... Qf7 $1 34.
Kxe2 (34. Rxg8 Qxg8 $1 35. Bf1 Nd4 36. Bxe2 Qg2 $19) 34... Nd4+ 35. Kd1 Qa2 $1
$19 {Weiß kann aufgeben!}) 34. Rxg8 Rxg8 35. Qf6 Qc7 $6 {Wieder gab es eine
stärkere Fortsetzung!} (35... Rxg2 $1 36. Qxd6+ Qc7 37. Qxd4 Nc6 $3 38. Qe3 (
38. Qh8+ Ka7 39. Nf1 Qf7 $19) 38... Nd4 $3 $19) 36. Bf1 {Weiß verteidigt sich
mit einzigen Zügen.} Bf3 $6 (36... Bxf1 {gewinnt sofort.} 37. Kxf1 (37. Rxf1
dxc5 38. bxc5 Qxc5 $19) 37... dxc5 38. Rg1 Ng6 $19) 37. Nxf3 Nexf3+ $4 {
Der letzte große Fehler! Hätte Schwarz mit dem anderen Springer genommen,
hätte er die Partie noch für sich entscheiden können.} (37... Ndxf3+ $1 38. Kd1
dxc5 $19 {Mit der geöffneten d-Linie ist Weiß verloren.}) 38. Kd1 Rd8 39. Nd3 {
Der Springer d4 stört den schwarzen Angriff.} dxc5 40. bxc5 Re8 {Nachdem die
Zeitnot vorbei war, landete Schwarz in einer verlorenen Stellung. Doch ließ
Weiß den Gewinn mit seinem 41. Zug aus.} 41. Nb4 $2 (41. Be2 $1 Qd8 (41... Ne5
42. Nb4 $16) 42. Qxd8+ Rxd8 43. Bxf3 Nxf3 44. Kc2 $16) 41... Qd8 42. Nxa6+ Kb7
43. Qxd8 Rxd8 44. Nb4 Ra8 {Schwarz gewinnt den weißen Mehrbauern zurück und
die Stellung endet in einem remislichen Endspiel.} 45. Nc2 Kc6 46. Bd3 Kxc5 47.
Rf1 Ne5 48. Nxd4 Kxd4 49. Bxb5 Rxa3 1/2-1/2

[Event "Capablanca Memorial Elite 46th"]
[Site "Havana"]
[Date "2011.05.18"]
[Round "7"]
[White "Dominguez Perez, Leinier"]
[Black "Ivanchuk, Vassily"]
[Result "1/2-1/2"]
[WhiteElo "2726"]
[BlackElo "2776"]
[Annotator "Kritz,L"]
[PlyCount "77"]
[EventDate "2011.05.11"]
[EventType "tourn"]
[EventRounds "10"]
[EventCountry "CUB"]
[EventCategory "19"]
[SourceTitle "CBM 143"]
[Source "ChessBase"]
[SourceDate "2011.07.15"]
[SourceVersion "1"]
[SourceVersionDate "2011.07.15"]
[SourceQuality "1"]

1. e4 c5 2. Nf3 e6 3. d4 cxd4 4. Nxd4 a6 5. c4 {Dieser Zug ist in der heutigen
Praxis eher selten anzutreffen, obwohl er zu einer interessanten Stellung
führt, in der Weiß um Vorteil kämpfen kann. Das liegt wohl daran, dass die
Alternative 5.Bd3 Schwarz in Eröffnungsschwierigkeiten bringt.} (5. Bd3 Bc5 6.
Nb3 Be7 7. O-O d6 8. Qg4 g6 9. Qe2 $14 {Die theoretischen Varianten in dieser
Stellung sind sehr lang und kompliziert, doch es sieht so aus, als ob Weiß am
Drücker ist.}) 5... Nf6 6. Nc3 Bb4 (6... Qc7 {ist eine alternative Fortsetzung.
} 7. a3 {Prophylaxe gegen 7...Bb4.} b6 8. Be3 (8. Be2 Bb7 9. f3 d6 {ist nur
Zugumstellung}) 8... Bb7 {Die nächsten Züge für beide Seiten sind mehr oder
weniger erzwungen - beide streben eine Igelstellung an und müssen die
Entwicklung beenden. Die Zugfolge spielt dabei keine große Rolle.} 9. f3 d6 10.
Rc1 Nbd7 11. Be2 Be7 12. O-O O-O $132 {Radjabov - Kamsky (Baku, 2008). Es
entsteht eine Igelstellung mit Chancen für beide Seiten.}) 7. Bd2 {Vor zwei
Jahren wurden zwischen den selben Gegnern 7.Qf3 gespielt.} (7. Qf3 Qc7 8. a3
Be7 (8... Bxc3+ {geht in eine Variante über, die für Schwarz als ungünstig
gilt.} 9. Qxc3 Nxe4 10. Nb5 $3 axb5 11. Qxg7 Rf8 12. Bh6 Qd6 (12... Qc5 13. f3
$3 bxc4 (13... Qf2+ 14. Kd1 $18) 14. Bxc4 $1 Ng5 (14... Nf6 15. Qxf6 Qxc4 16.
Rc1 $18) 15. Qxf8+ Qxf8 16. Bxf8 Kxf8 17. h4 $18) 13. cxb5 $1 {Weiß hat's
nicht eilig, der Turm f8 läuft nicht weg.} b6 14. f3 Nc5 15. b4 Na4 16. Rc1 Bb7
17. Rc7 Ra7 18. Bd3 f5 19. Kf2 Qe7 20. Qxe7+ Kxe7 21. Bxf8+ Kxf8 22. Bc2 Nb2
23. Rb1 $18 {Man glaubt's oder nicht, aber das Spiel verläuft bis hierher
forciert - angefangen mit 10.Nb5!}) 9. Qg3 d6 $5 (9... Qxg3 10. hxg3 d6 (10...
Nc6 11. Nxc6 dxc6 (11... bxc6 12. e5 $16) 12. e5 Nd7 13. f4 $14) 11. Be2 (11.
Be3 Ng4 12. Bd2 Nc6 $11) 11... Nc6 12. Be3 Bd7 13. O-O-O $14) 10. Qxg7 Rg8 11.
Qh6 Nbd7 $44 {Dominguez Perez - Ivanchuk (Sofia, 2009)}) 7... O-O {Nun hängt
schon der Bauer.} (7... Qc7 8. a3 Be7 9. Be3 d6 10. Be2 O-O 11. O-O b6 12. Qd2
Bb7 13. f3 Nbd7 $132 {Mit typischer Igelstellung in Dominguez Perez -
Andreikin (Havana, 2011)}) (7... Bxc3 8. Bxc3 Nxe4 9. Qg4 Nxc3 10. Qxg7 Rf8 11.
bxc3 $14) 8. e5 Bxc3 (8... Ne8 9. Bd3 d6 10. Nc2 Nc6 11. Nxb4 Nxb4 12. Bf4 Qa5
13. exd6 e5 14. Be3 Nxd6 $11 {Alsina Leal - Khairullin (Aix-les-Bains, 2011)})
9. Bxc3 Ne4 10. Qc2 Nxc3 11. Qxc3 d5 $5 {Ein neuer Zug, Schwarz spielt sehr
aktiv und gleicht nach wenigen Zügen aus.} (11... d6 12. Rd1 $1 Re8 (12... dxe5
13. Nxe6 $18) 13. Nb3 $1 (13. exd6 Qxd6 14. Nb5 Qc6 15. Nd6 Rd8 16. Qg3 Qb6 $11
{Ninov - Nikolov (Borovets, 2008)}) 13... d5 14. Be2 $16) 12. Rd1 Nc6 13. cxd5
$2 {Dies erlaubt Schwarz, seinen Läufer zu entwickeln und sehr schnell zu
gutem Spiel zu kommen. Man sollte besser die Spannung aufrechterhalten.} (13.
Nf3 Qc7 14. Be2 dxc4 15. Bxc4 $14 {Diese Stellung ist etwas angenehmer für
Weiß, weil er Raumvorteil und das Feld d6 für seinen Turm hat.}) 13... exd5 {
Der Bauer e5 hängt, Weiß muss auf c6 nehmen.} (13... Nxe5 $5 14. dxe6 Qf6 15.
exf7+ Rxf7 16. f3 Qh4+ 17. g3 Qe7 18. Kf2 $14) 14. Nxc6 (14. Nf3 Bg4 $15) 14...
bxc6 15. Qxc6 {Keinen Vorteil hat Weiß, wenn er sich langsam entwickelt.} (15.
Bd3 Bg4 16. f3 Bd7 17. O-O Qb6+ 18. Kh1 Rfe8 19. Rfe1 a5 $11 {Schwarz hat
Gegenspiel am Damenflügel.}) 15... Qa5+ 16. Qc3 Qxa2 17. b4 (17. Bd3 Be6 18.
O-O Rfc8 19. Qd4 Rab8 $132) 17... Bg4 $1 {Eine Falle, Weiß darf nicht 18.Ra1
spielen.} 18. f3 (18. Ra1 d4 {und Weiß ist gezwungen, die Dame zu nehmen:} 19.
Rxa2 (19. Qxd4 Qb3 20. f3 Rfd8 $19) 19... dxc3 20. Be2 Bf5 $1 $15) 18... Bf5 (
18... Rfc8 $5 {gleicht wohl sofort aus. Aber Schwarz wollte noch mehr.} 19. Ra1
Rxc3 20. Rxa2 Bf5 (20... Rc1+ 21. Kd2 $18) 21. Kf2 Rb3 $11) 19. Ra1 d4 20. Qxd4
(20. Rxa2 dxc3 $17 {Der schwarze c-Bauer ist sehr gefährlich.}) 20... Qb3 21.
Be2 (21. Rd1 Rfb8 22. Bc4 Qxb4+ 23. Kf2 a5 $132) 21... Rfd8 22. Qf4 Qb2 23. O-O
{Die Stellung ist ausgeglichen. Schwarz hat ausreichende Kompensation für den
Bauern.} (23. Rc1 Rd5 24. O-O Qxe2 25. Qxf5 Rxe5 26. Rc8+ Rxc8 27. Qxc8+ Re8
28. Qc3 $11) 23... Rd2 (23... Qxe2 24. Qxf5 Rd2 25. Qg5 h6 26. Qg3 Qb5 27. Qf4
Qe2 28. Qg3 Qb5 $11) 24. Qxf5 Rxe2 25. Qg4 h5 (25... Qxe5 26. Rxa6 $14) 26.
Qxh5 Rxg2+ 27. Kh1 {Es sieht so aus, als ob Schwarz mehr als nur Kompensation
hätte, doch in Wirklichkeit reicht es gerade zum Remis, aber auch nicht mehr.}
Rg6 28. Rg1 Rd8 29. Raf1 (29. Rxg6 $4 fxg6 $19) 29... Qe2 30. Re1 (30. Rxg6
fxg6 31. Qh3 Qxe5 $11) 30... Rxg1+ 31. Rxg1 Rd3 32. Qg4 Qxf3+ {Nach dem
Damentausch ist die Stellung ganz klar Remis.} (32... g6 33. e6 $11) 33. Qxf3
Rxf3 34. Ra1 Rf4 35. Rxa6 Rxb4 36. e6 Rb7 37. Ra8+ Kh7 38. exf7 Rxf7 39. Kg2
1/2-1/2

[Event "Biel GM 43rd"]
[Site "Biel"]
[Date "2010.07.26"]
[Round "7"]
[White "Negi, Parimarjan"]
[Black "Andreikin, Dmitry"]
[Result "1/2-1/2"]
[WhiteElo "2615"]
[BlackElo "2650"]
[Annotator "Kritz,L"]
[PlyCount "55"]
[EventDate "2010.07.19"]
[EventType "tourn"]
[EventRounds "9"]
[EventCountry "SUI"]
[EventCategory "17"]
[SourceTitle "CBM 138"]
[Source "ChessBase"]
[SourceDate "2010.09.17"]
[SourceVersion "1"]
[SourceVersionDate "2010.09.17"]
[SourceQuality "1"]

1. e4 c5 2. Nf3 e6 3. d4 cxd4 4. Nxd4 a6 5. c4 (5. Bd3 {ist der am meisten
gespielte Zug heute.}) (5. Nc3 {ist der zweitpopulärste Zug. Auch hier
erreicht Weiß aussichtsreiche Stellungen, obwohl Schwarz eher zum Kontern
kommt als nach 5.Bd3.}) 5... Nf6 6. Nc3 Bb4 7. Qd3 $6 {Sieht nicht gut aus,
und ist auch nicht gut. Schwarz kann mittels 7...d5 sofort ausgleichen.} ({
Kramnik hat in dieser Stellung mehrmals und mit Erfolg} 7. Bd3 {gespielt. Nach}
Nc6 8. a3 Bxc3+ 9. bxc3 d6 10. O-O Ne5 11. f4 Nxd3 12. Qxd3 e5 13. fxe5 dxe5
14. Bg5 h6 15. Bh4 exd4 16. e5 dxc3 17. Qxd8+ Kxd8 18. exf6 $14 {bekam Weiß
ein besseres Endspiel aufgrund des schlechten schwarzen Königs in Kramnik -
Svidler (Wijk aan Zee, 2005).}) ({Auch gut ist} 7. Qc2 Qc7 8. a3 {Nun verliert
die lange und forcierte Variante} Bxc3+ 9. Qxc3 Nxe4 $2 10. Nb5 $1 axb5 11.
Qxg7 Rf8 12. Bh6 Qc5 13. cxb5 Qxf2+ 14. Kd1 $18 {Schwarz kann aufgeben.}) 7...
d6 $2 {Die schlechteste Reaktion von allen möglichen. Mit dem Zug ...d6 muss
man im Paulsen so lange wie möglich abwarten.} (7... d5 $1 {ist der einfachste
Weg zum Ausgleich.} 8. exd5 exd5 9. Be2 O-O 10. O-O Nc6 11. Nxc6 bxc6 12. Bg5
h6 (12... Bxc3 13. bxc3 Be6 14. Rfd1 $36 {Anand - Svidler (Monte Carlo, 2005)})
13. Bh4 a5 14. Rfd1 Ba6 $132 {Kramnik - Van Wely (Dortmund, 2005)}) 8. Nc2 $1 {
Weiß nutzt den Fehler von Schwarz aus und kommt in Vorteil, obwohl seine Dame
auf d3 ihn doch stören wird.} Ba5 (8... Bxc3+ $2 {funktioniert nicht, weil der
Bauer auf g7 hängt:} 9. Qxc3 Nxe4 10. Qxg7 $16) 9. b4 Bc7 10. Bb2 O-O 11. Be2
Nbd7 12. O-O b6 {Eine interessante Igel-Version ist auf dem Brett. Einerseits
steht der Läufer auf c7 schlecht, andererseits, falls Weiß f3 spielt, wird
Schwarz schneller zum Gegenspiel mittels Qb8-d5 kommen können. Weiß muss sich
etwas einfallen lassen, um den Vorstoß d5 zu verhindern. Eine scheinbar gute
Möglichkeit ist f4-Bf3.} 13. Qh3 $2 {Wohin? Was die Dame auf h3 soll, ist
schwer zu verstehen.} (13. f4 $1 Bb7 14. g3 {Zuerst wird die h2-b8 Diagonale
zugemacht. Danach kommt der weiße Läufer auf f3 und der Springer nach e3. Die
Türme auf c1 und d1, und dann wird Schwarz irgendwann keine Züge mehr haben -
solch ein Igel ist der Alptraum jedes Igelspielers.}) 13... Bb7 14. f3 {
Das war schon erzwungen. In nur zwei Zügen hat Weiß von selbst eine sehr gute
Stellung verdorben. Schwarz lässt sich die Chance natürlich nicht zwei Mal
bieten.} d5 $1 {Die Dame auf h3 sieht wirklich unglücklich aus.} 15. cxd5 exd5
16. Nxd5 {Macht die Aufgabe von Schwarz ganz einfach.} (16. exd5 $5 Re8 17.
Rad1 Be5 18. Nd4 Qc7 $1 $44 {Typische Kompensationsstellung für Schwarz. Seine
Idee ist b5-Nb6-Rad8. Die Aktivität der schwarzen Figuren kompensiert den
weißen Mehrbauern völlig.}) 16... Nxd5 17. exd5 Nf6 18. Rad1 Re8 19. Bd3 (19.
Rfe1 Nxd5 20. Bd3 Rxe1+ 21. Rxe1 g6 $1 22. Qh6 Qf8 $11 {Auf den schwarzen
Feldern ist unmittelbar nichts los, und im langfristigen Spiel wird Schwarz
zumindest Bd8-Bf6 spielen können.}) 19... Be5 {Eine ganz konkrete Entscheidung
- der d-Bauer geht in allen Varianten verloren.} 20. Bxe5 (20. Nd4 $2 Qxd5 $15)
20... Rxe5 21. d6 Rd5 $2 (21... Bd5 $1 {löst sofort alle Probleme.} 22. Qg3
Qxd6 23. Ne3 Qe6 24. Nxd5 Rxd5 $11) 22. d7 $2 ({Weiß hatte nun eine gute
Chance:} 22. Qg3 $1 Nh5 (22... g6 23. Be4 $1 Rxd1 24. Rxd1 Nxe4 25. fxe4 Bxe4
26. Ne3 $14) (22... Qxd6 23. Qxd6 Rxd6 24. Bxh7+ $18) 23. Qg4 g6 24. Be4 Rg5
25. Bxb7 (25. Qh3 Nf4 $15) 25... Rxg4 26. fxg4 Ra7 27. Bc6 Nf6 28. g5 Nd7 29.
Rfe1 $16) 22... g6 {Der Bauer d7 fällt.} 23. Be4 $6 ({Weiß hätte noch was im
Endspiel versuchen können.} 23. Bc4 $1 Rxd7 24. Rxd7 Qxd7 25. Qxd7 Nxd7 26. Rd1
$1 Ne5 (26... Nf6 27. Rd6 b5 28. Bb3 $14) 27. Be2 Rc8 28. Ne3 Rc3 29. Kf2 Ra3
30. Rd2 $14) 23... Rxd1 24. Rxd1 Bxe4 25. fxe4 Ra7 26. e5 Rxd7 27. Rf1 Rd3 28.
Qh4 {Der schwarze Springer muss zurück na e8, wonach Qf2 folgt und Weiß wird
doch nicht schlechter stehen.} 1/2-1/2